00557nam a22001697a 450000500170000001000150001702000260003203500130005803700130007108200140008410000230009824500800012126000470020127000630024830000260031150000500033720151203151500.0 aENG-114284 c425.00a9789350354322 aEN-97816 bDBAD/PUB a344.54041 aSiraj, Abdul Majid aLaws and the doctors /cby Abdul Majid Siraj; foreworded by Soli J.Sorabjee aNew DelhibUniversal Law Publishing c2014 aA-58, G.T. Karnal Road, Industrial AreabNew Delhie110033 axxxi,280p.c24cm(pbk) aIncludes bibliographical references and index